000 00548nam a2200145Ia 4500
008 151213s9999 xx 000 0 und d
100 _aআইয়ুব হোসেন॥
245 _aপ্রথাবিরোধী চলচ্চিত্র আন্দোলন।
_cআইয়ুব হোসেন॥
260 _aঢাকা
_bশিল্পতরু প্রকাশনী।
_c1991
300 _a8456 p.
650 _aBangla
650 _aBengali Literature
700 _aআইয়ুব হোসেন॥
999 _c4294
_d4294